| 000 | 00000nas 2200000zi 4500 |
| 001 | 9.949050 |
| 003 | CaOODSP |
| 005 | 20250910142915 |
| 006 | m o d f |
| 007 | cr cn |||||||| |
| 008 | 250312d19471965oncqx p o f0 b0fre|d |
| 040 | |aCaOODSP|bfre|erda|cCaOODSP |
| 043 | |an-cn--- |
| 086 | 1 |aD12-11F-PDF |
| 245 | 00|aJournal de l'Armée canadienne. |
| 246 | 13|aJAC |
| 264 | 1|aOttawa : |bDéfense nationale = National Defence, |c1947-1965. |
| 336 | |atexte|btxt|2rdacontent/fre |
| 337 | |ainformatique|bc|2rdamedia/fre |
| 338 | |aressource en ligne|bcr|2rdacarrier/fre |
| 362 | 1 |aParaît depuis : Vol. 1 (avril 1947); ne paraît plus après : vol. 19, no 2 (avril 1965). |
| 500 | |aPublié aussi en anglais sous le titre : Canadian Army journal. |
| 500 | |aÉdition numérisée de l'imprimé [par Défense nationale du Canada]. |
| 500 | |a«Publié par la Direction de l'instruction militaire, sous l'autorité du chef de l'état-major général.» |
| 530 | |aÉgalement publié en version imprimée. |
| 610 | 10|aCanada. |bArmée canadienne |vPériodiques. |
| 650 | 6|aArt et science militaires|zCanada|vPériodiques. |
| 650 | 6|aHistoire militaire|zCanada|vPériodiques. |
| 655 | 7|aPériodiques|2rvmgf |
| 710 | 1 |aCanada. |bMinistère de la défense nationale, |eorganisme de publication. |
| 775 | 08|tCanadian Army journal.|w(CaOODSP)9.943862 |
| 785 | 00|tLe journal de l'Armée du Canada.|w(CaOODSP)9.501531 |